000
00294nam a22001217a 4500
008
180425b xxu||||| |||| 00| 0 eng d
041
_a
eng
080
_a
043.3
100
_a
0
101
_a
INI-BTH
245
_a
Menaxhimi dhe organizimi i punishteve në Kosovë
_c
Xhemaili,G
942
_2
udc
_c
BK
999
_c
45524
_d
45524